000 00751nam a2200253Ia 4500
003 OSt
005 20221005050540.0
006 a|||||r|||| 00| 0
007 ta
008 221004b |||||||| |||| 00| 0 urd d
020 _cINR 350.00
024 _a65876
037 _b2379, 19/02/2020, M.R.Publications
_cTextual
040 _aCRL
_cCRL
_burd
041 _2urd
_aurd
082 _aO168,3NMA,SK, Q3
100 _aMariyam Umme Au.
_9594854
245 0 _aSubah ka noor hamara hai
260 _aLahore
_bIlm-o-irfan Pakistan
_c2013
300 _a320p.
_ccm.
650 _aURDU FICTION
_93298
942 _hO168,3NMA,SK, Q3
_cTEXL
_2cc
999 _c957228
_d957228